Tools for teaching : (Record no. 22861)

MARC details
000 -LEADER
fixed length control field 01151cam a2200313 a 4500
001 - CONTROL NUMBER
control field 14775335
003 - CONTROL NUMBER IDENTIFIER
control field OSt
005 - DATE AND TIME OF LATEST TRANSACTION
control field 20211220103553.0
008 - FIXED-LENGTH DATA ELEMENTS--GENERAL INFORMATION
fixed length control field 070320s2007 caua 001 0 eng
010 ## - LIBRARY OF CONGRESS CONTROL NUMBER
LC control number 2007925215
020 ## - INTERNATIONAL STANDARD BOOK NUMBER
International Standard Book Number 9780965026307 (pbk.)
040 ## - CATALOGING SOURCE
Original cataloging agency DLC
Transcribing agency HU
050 00 - LIBRARY OF CONGRESS CALL NUMBER
Classification number LB1025.3
Item number .J65 2007
082 ## - DEWEY DECIMAL CLASSIFICATION NUMBER
Classification number 371.102 JON 2000
100 1# - MAIN ENTRY--PERSONAL NAME
Personal name Jones, Fredric H.
9 (RLIN) 23471
245 10 - TITLE STATEMENT
Title Tools for teaching :
Remainder of title discipline, instruction, motivation /
Statement of responsibility, etc. Fredric H. Jones ; with Patrick Jones and Jo Lynne Jones ; illustrations by Brian T. Jones.
246 3# - VARYING FORM OF TITLE
Title proper/short title Fred Jones tools for teaching
250 ## - EDITION STATEMENT
Edition statement 2nd ed.
260 ## - PUBLICATION, DISTRIBUTION, ETC.
Place of publication, distribution, etc. Santa Cruz, CA :
Name of publisher, distributor, etc. F.H. Jones & Associates,
Date of publication, distribution, etc. c2007.
300 ## - PHYSICAL DESCRIPTION
Extent ix, 339 p. :
Other physical details col. ill. ;
Dimensions 22 x 28 cm. +
Accompanying material 1 videodisc (DVD : sd., col. ; 4 3/4 in.)
500 ## - GENERAL NOTE
General note Includes index.
650 #0 - SUBJECT ADDED ENTRY--TOPICAL TERM
Topical term or geographic name entry element Teaching.
9 (RLIN) 23472
650 #0 - SUBJECT ADDED ENTRY--TOPICAL TERM
Topical term or geographic name entry element Classroom management.
9 (RLIN) 23473
700 1# - ADDED ENTRY--PERSONAL NAME
Personal name Jones, Patrick.
9 (RLIN) 23474
700 1# - ADDED ENTRY--PERSONAL NAME
Personal name Jones, Jo Lynne Talbott.
9 (RLIN) 23475
906 ## - LOCAL DATA ELEMENT F, LDF (RLIN)
a 7
b cbc
c origcop
d 2
e epcn
f 20
g y-gencatlg
942 ## - ADDED ENTRY ELEMENTS (KOHA)
Source of classification or shelving scheme Dewey Decimal Classification
Koha item type Books like text book referance book
Suppress in OPAC No
Holdings
Withdrawn status Lost status Source of classification or shelving scheme Damaged status Not for loan Collection code Home library Current library Shelving location Date acquired Total Checkouts Full call number Barcode Date last seen Copy number Price effective from Koha item type
    Dewey Decimal Classification     Reference Wondo Genet Library Wondo Genet Library General Stacks 12/20/2021   371.102 JON 2000 WGCFNRL00007338 12/20/2021 1 12/20/2021 Books like text book referance book